01167nac a22003257a 4500001001000000003000900010005001700019008003400036040005400070072001300124100001900137100002100156100001900177100001800196110009200214245011100306260004000417300001000457490014500467500012500612650001200737650000900749650001000758650001100768650001000779650000900789650001000798650001000808650002300818BR8304770BR-BrBNA20240105115832.0230509b bl.|||m| |||| 00| 0 por d aBR-BrBNAbporcBiblioteca Nacional de Agricultura aF00; E701 aChaves, G.C.G.1 aSouza, O.B.M. de1 aJesus, R.F. de1 aRibeiro, S.A.1 aComissao Estadual de Planejamento Agricola de Mato Grosso do Sul, Campo Grande (Brasil)1 aRelatorio de acompanhamento conjuntural. Informe sistematico, fevereiro, 1983 [Mato Grosso do Sul, Brasil]3 aCampo Grande, MS (Brasil): c1983.  a63 p. aRelatorio de Acompanhamento Conjuntural. Informe Sistematico - Comissao Estadual de Planejamento Agricola de Mato Grosso do Sul (Brazil)vx a(*) Documento disponível na(o) Comissao Estadual de Planejamento Agricola de Mato Grosso do Sul, Campo Grande (Brazil) aALGODAO aALHO aARROZ aFEIJAO aMILHO aSOJA aTRIGO aPRECO aMATO GROSSO DO SUL